000 00405pab a2200145 454500
008 180718b1983 xxu||||| |||| 00| 0 eng d
100 _aMcCoppin, B.
245 _aThe government and hospital comittees of management in victoria
260 _c1983
300 _a376-84
362 _aSept.
650 _aHealth Services - Australia
773 _aAustralian Journal of Public Administration
909 _a9661
999 _c9661
_d9661